| 000 | 00731nam a2200181 i 4500 | ||
|---|---|---|---|
| 001 | 165775 | ||
| 003 | ES-MaACL | ||
| 005 | 20230906213214.0 | ||
| 008 | 991104s1897 fr |||| | fre d | ||
| 040 |
_aM-RAJU _bspa _cM-RAJU _dCCPB | B |
||
| 100 | 1 |
_aStevens, C. Ellis. _9132905 |
|
| 245 | 1 | 4 |
_aLes sources de la Constitution des États-Unis _b: étudiées dans leurs rapports avec l'histoire de l'Angleterre et de ses colonies / _cpar C. Ellis Stevens ; traduit sur la dernière édition anglaise et américain par Louis Vossion. |
| 260 |
_aParis : _bGuillaumin et Cie., _c1897. |
||
| 300 |
_aXIII, 332 p. ; _c23 cm. |
||
| 700 | 1 |
_aVossion, Louis. _9133830 |
|
| 852 |
_aES-MaACL _jG-6098 _z-- Enc. hol. |
||
| 999 |
_c165775 _d165775 |
||